000
00216nam a22000857a 4500
008
161116b xxu||||| |||| 00| 0 eng d
100
_9
1255
_a
Jain.G.etal.
245
_a
Great Scientists
260
_a
New Delhi
_b
Tree Ess
_c
2012
999
_c
3958
_d
3958